000 00336nam a2200133Ia 4500
005 20260328101519.0
008 260328s9999||||xx |||||||||||||| ||und||
100 _aBetsky, Aaron
245 0 _aUneternal City :
_b Urbanism beyond Rome /
_cAaron Betsky
260 _bMarsilio
300 _a269 p.
650 _aDISEÑO URBANO
942 _cBK
999 _c9522
_d9522